Ricordo nazionale (Record no. 167346)
[ view plain ]
| 000 -LEADER | |
|---|---|
| campo de control de longitud fija | 00479nam a22001575i 4500 |
| 001 - NÚMERO DE CONTROL | |
| campo de control | 167346 |
| 003 - IDENTIFICADOR DE NÚMERO DE CONTROL | |
| campo de control | ES-MaACL |
| 005 - FECHA Y HORA DE LA ÚLTIMA TRANSACCIÓN | |
| campo de control | 20250904233714.0 |
| 008 - DATOS DE LONGITUD FIJA--INFORMACIÓN GENERAL | |
| campo de control de longitud fija | 150908s1902 it | |||||||| ||ita d |
| 245 00 - MENCIÓN DEL TÍTULO | |
| Título | Ricordo nazionale |
| Resto del título | : Adelaide Ristori. |
| 260 ## - PUBLICACIÓN, DISTRIBUCIÓN, ETC. | |
| Lugar de publicación, distribución, etc. | Roma : |
| Nombre del editor, distribuidor, etc. | Enrico Voghera, |
| Fecha de publicación, distribución, etc. | 1902. |
| 300 ## - DESCRIPCIÓN FÍSICA | |
| Extensión | 30 p. : |
| Otras características físicas | il. ; |
| Dimensiones | 35 cm. |
| 600 17 - PUNTO DE ACCESO ADICIONAL DE MATERIA--NOMBRE DE PERSONA | |
| Nombre de persona | Ristori, Adelaide, |
| Fechas asociadas al nombre | 1822-1906 |
| Fuente del encabezamiento o término | |
| 9 (RLIN) | 157861 |
| 852 ## - LOCALIZACIÓN | |
| Ubicación | ES-MaACL |
| Número de control de estantería | T-991-F-10 |
| Nota libre | .- Donat. de Luis Luchessi |
| Estatus retirado | Estado de pérdida | Estado de daño | No para préstamo | Colección | Biblioteca de origen | Biblioteca actual | Ubicación en estantería | Fecha de adquisición | Fuente de adquisición | Total de préstamos | Signatura topográfica completa | Código de barras | Visto por última vez | Precio de reemplazo | Tipo de ítem Koha |
|---|---|---|---|---|---|---|---|---|---|---|---|---|---|---|---|
| Colección de folletos | Biblioteca del Ateneo de Madrid | Biblioteca del Ateneo de Madrid | Depósito folletos | 08/10/2015 | T-991-F-10 | 1194230 | 23/02/2023 | 23/02/2023 | Folleto |
